000 00407cam a22001097a 4500
008 180718b1967 xxu||||| |||| 00| 0 eng d
082 _aT2196x54 In2re/1965-66
245 _aReview of progress rural industries projects programme 1965-66
_cby Rural Industries Planning Committee, Planning Commission
260 _a
_b
_c1967
300 _a553p
700 _aRural Industries Planning Committee, Planning Commission
999 _c497628
_d497628